000 00746nam a2200241 a 4500
008
020 _a9781439040201 (pbk.)
049 _aMAIN
090 _aQA76.625
_bEKE
100 1 _aEkedahl, Michael.
245 1 0 _aProgramming with microsoft visual basic 2008 :
_ban object-oriented approach /
_cMichael Ekedahl.
250 _a3rd ed.
260 _aAustralia :
_bcourse technology,
_c2008
300 _axxiv, 758 p. :
_bill. ;
_c28 cm.
500 _aIncludes index.
650 _aMicrosoft corporation
_xcomputer programme.
700 _aInternet programme.
907 _a.b10385253
_b13-02-18
_c04-10-17
003
005 20230123141100.0
040 _cNUST
942 _cBOOKS
_kQA76.625
_mEKE
999 _c167330
_d167330